Quiz wiedzy ogólnej #17 - Statystyki

Ogólne statystyki
  • Ten quiz został rozwiązany 2 021 razy
    1 797 od ostatniego zresetowania
  • Średni wynik to 10 z 20
Statystyki odpowiedzi
Pytanie Odpowiedź % Poprawnych
Jaki rodzaj broni nosi Thor? Młot
94%
W jakim państwie znajduje się jezioro Bajkał? Rosja
82%
Kto był założycielem Polski 2050? Szymon Hołownia
74%
Jakie jest ostatnie alfabetycznie państwo Ameryki Południowej? Wenezuela
69%
Który hiszpański sportowiec w skrócie jest nazywany „Rafa”? Rafael Nadal
65%
Jaki typ włosów posiadał Bob Marley? Dredy
58%
Jaki jest najbardziej na południe wysunięty stan USA? Hawaje
56%
Jaki trzyliterowy przyrostek dodaje się do nazywania różnych części nauk? gia | mia | fia
53%
Które państwo zamieszkuje najwięcej szyitów? Iran
53%
Jak nazywa się dramat romantyczny napisany przez Juliusza Słowackiego w Genewie w 1834r., a wydany w Paryżu pięć lat później? (Obecnie książka jest jedną z lektur obowiązkowych w polskich szkołach podstawowych) Balladyna
50%
Jaki napój alkoholowy powstaje w wyniku fermentacji brzeczki miodu pszczelego? Miód pitny
49%
Co w mitologii greckiej uosabiała sobie pierwotna bogini Gaja? Ziemia
44%
Jaki rodzaj drzewa jest ściśle związany z Libanem? Cedr
41%
Czego używają łodzie podwodne, aby widzieć rzeczy znajdujące się nad wodą, gdy są zanurzone? Peryskop
34%
Jak nazywa się obecny książę walijski? Wilhelm
34%
Jak się nazywa ocean często nazywany piątym, po Spokojnym, Atlantyckim, Indyjskim oraz Arktycznym? Ocean Południowy
33%
Który rekin jest największym gatunkiem ryby nie stanowiący żadnego zagrożenia dla człowieka? Rekin {wielorybi}
33%
Jakim typem słów są wyrażenia m.in. „kajak”, „Anna” i „radar”? Palindrom
30%
Jak nazywa się naddźwiękowy samolot, wspólnie opracowały Francja oraz Wielka Brytania? Concorde
27%
Która biblijna postać żyła najdłużej, bowiem 969 lat? Matuzalem
13%
Nie znaleziono quizów pasujących do podanych kryteriów
Rozkład punktacji
Procent ludzi z każdym wynikiem
Percentyl według liczby udzielonych odpowiedzi
Twoja historia wyników
Nie rozwiązałeś tego quizu od ostatniego zresetowania